Lieux-dits de Chaudeyrolles - Statistiques

Statistiques générales
  • Ce quiz a été pris 11 fois
    5 depuis la dernière actualisation
  • Le résultat moyen est 13 sur 42
Réponses sur la Carte
Les réponses sont colorées sur une échelle allant du rouge au vert en fonction du pourcentage des utilisateurs qui les ont devinées à leur premier essai. Vous pouvez retrouver ces pourcentages ci-dessous.
 
Statistiques - réponses
Réponse % Correct
Arsac
100%
Chanteloube
100%
Chantemerle
75%
Le Mas du Bourg
75%
Les Faux
75%
Les Seuils
75%
Malosse
75%
Mézenchon
75%
Tire-Longe
75%
Valette
75%
Chaudeyrolles
50%
La Combe
50%
La Croix
50%
La Fouillouse
50%
Titaud
50%
Colombet
25%
Darbon
25%
La Roche
25%
La Roue
25%
Le Crie
25%
Les Ouches
25%
Matagot
25%
Reignerand
25%
Rochan Bas
25%
Rochan Haut
25%
Rouchon
25%
Autinac
0%
Chanet
0%
Charrier
0%
Devesset
0%
Fayard
0%
Jamont
0%
Labatie
0%
La Cesse
0%
La Ribeyre
0%
Le Bancel
0%
Le Bois
0%
Le Prat
0%
Les Blaches
0%
Les Chaumasses
0%
Les Fontettes
0%
Les Imberts
0%
Aucun quiz correspondant
Distribution des résultats
% des personnes avec chaque résultat
Percentile par nombre de réponses
Votre historique - résultats
Vous n’avez pas pris ce quiz depuis la dernière actualisation